000 00550nam a2200193Ia 4500
003 GCL
008 140319s9999 xx 000 0 ara d
040 _aGCL /
_cGCL
082 0 4 _a155.4
_bغ ت
100 1 _aغسان يعقوب
245 1 0 _aتطور الطفل (عند بياجيه) /
_cغسان يعقوب
300 _a201 ص
490 _aكتاب
_v0
650 0 4 _aعلم النفس التربوى
650 0 4 _aالطفل
650 0 4 _aعلم النفس الارتقائى
650 0 4 _aالاطفال - علم نفس
942 _2ddc
_cBK
999 _c42189
_d42189